000 00449nam a2200193Ia 4500
005 20240823033511.0
008 240823s9999||||xx |||||||||||||| ||und||
020 _a978-93-81969-02-1
041 _aENGLISH
082 _A813.54 Q2
100 _aPerumaal L Murukan
245 0 _aVeppennai Kalayam
250 _a1st
260 _c2012
_bKalachuvadu Pathip
500 _aYES
650 _aTamil Books
_bGeneral
942 _cBK
999 _c195964
_d195964